00969cam a2200277 a 450000100090000000300040000900500170001300800410003001000170007102000150008803500240010304000400012705000240016708200150019110000210020624501160022725000130034326000730035630000590042950400530048865000400054165000380058165000260061970000220064570000240066716022044OSt20150408114041.0091214s2011 njuab b 001 0 eng  a 2009050920 a0273766953 a(OCoLC)ocn464594421 aDLCcDLCdYDXdYDXCPdCDXdBWXdDLC00aHD2755.5b.D35 201100a658.182221 aDaniels, John D.10aInternational business :benvironments and operations /cJohn D. Daniels, Lee H. Radebaugh, Daniel P. Sullivan. a13th ed. aUpper Saddle River, N.J. :bPearson Education/Prentice Hall,cc2011. axliii, 838 p. :bill. (some col.), col. maps ;c29 cm. aIncludes bibliographical references and indexes. 0aInternational business enterprises. 0aInternational economic relations. 0aInvestments, Foreign.1 aRadebaugh, Lee H.1 aSullivan, Daniel P.